000 00861nam a22002897a 4500
001 7391
003 FISKH
005 20250711143601.0
008 250711b cb ||||| |||| 00| 0 eng d
020 _a9780516229577
040 _aFISKH
_beng
_cFISKH
_dFISKH
050 _aPZ7.P1247 W
082 _a813.54
100 _aPackard, Mary
245 _aWhere is Jake?
_cby Mary Packard ; illustrated by Joy Allen
250 _aThis edition published in 2003
260 _aNew York :
_bScholastic,
_c1990
300 _a30 pages :
_bcolor illustrations ;
_c21 cm
505 _aaa
520 _aTwo children search in many places for their dog, who stays just a step ahead of them.
521 8 _a20
_bLexile
521 8 _aaa
_bRaz-Plus
650 _aAnimals
_vDogs
700 _aAllen, Joy
_eillustrator
942 _2ddc
_cBK
_n0
999 _c7391
_d7391